Report on economic census, Andhra Pradesh, 1980 (Record no. 497436)

000 -LEADER
fixed length control field 00397cam a22001097a 4500
008 - FIXED-LENGTH DATA ELEMENTS--GENERAL INFORMATION
fixed length control field 180718b1986 xxu||||| |||| 00| 0 eng d
082 ## - DEWEY DECIMAL CLASSIFICATION NUMBER
Classification number T19065x5451 An24/2
245 ## - TITLE STATEMENT
Title Report on economic census, Andhra Pradesh, 1980
Statement of responsibility, etc. by Bureau of Economics and Statistics
260 ## - PUBLICATION, DISTRIBUTION, ETC.
Place of publication, distribution, etc. Hyderabad
Name of publisher, distributor, etc. Government of Andhra Pradesh
Date of publication, distribution, etc. 1986
300 ## - PHYSICAL DESCRIPTION
Extent 268p
700 ## - ADDED ENTRY--PERSONAL NAME
Personal name Andhra Pradesh. Bureau of Economics and Statistics
Holdings
Withdrawn status Lost status Damaged status Not for loan Permanent Location Current Location Date acquired Full call number Barcode Date last seen Price effective from Koha item type
        Indian Institute of Public Administration Indian Institute of Public Administration 2018-08-04 T19065x5451 An24/2 GG20677 2018-08-04 2018-08-04 GG

Powered by Koha